| 000 | 00429nam a2200157 a 4500 | ||
|---|---|---|---|
| 003 | ViArRB | ||
| 005 | 20250211102326.0 | ||
| 008 | 960221s1955 dcuabcdjdbkoqu001 0deng d | ||
| 100 |
_aWalker, Donald E _eed. by |
||
| 245 | _aInformation System Science and Technology | ||
| 260 |
_aLondon _bAcademic Press _c1967 |
||
| 300 | _aix, 411 p | ||
| 500 | _a Ref at the End of Each chap | ||
| 653 | _aScience and technology | ||
| 942 | _cBK | ||
| 999 |
_c70725 _d70724 |
||